Texas shells : a field guide /

Bibliographic Details
Main Author: Andrews, Jean, 1923-
Format: Book
Language:English
Published: Austin : University of Texas Press, [1981]
Series:Elma Dill Russell Spencer Foundation series ; no. 11.
Subjects:

MARC

Tag First Indicator Second Indicator Subfields
LEADER 00000cam a2200000 a 4500
001 in00000071153
005 20151008062059.0
008 800404s1981 txua 00110 engm
010 |a  80014302  
020 |a 0292724314 (pbk.) 
035 |a (OCoLC)06250664 
035 |9 AAJ9477AM 
040 |a DLC  |c DLC  |d m.c.  |d TXA  |d UtOrBLW 
043 |a n-us-tx  |a nm----- 
049 |a TXAM  |c [1422063] 
050 0 0 |a QL415.T4  |b A65 
082 0 |a 594/.0471 
100 1 |a Andrews, Jean,  |d 1923- 
245 1 0 |a Texas shells :  |b a field guide /  |c Jean Andrews ; [photographs by Jean Bowers Gates]. 
264 1 |a Austin :  |b University of Texas Press,  |c [1981] 
264 4 |c ©1981 
300 |a xxvi, 175 pages :  |b illustrations ;  |c 22 cm. 
336 |a text  |b txt  |2 rdacontent 
337 |a unmediated  |b n  |2 rdamedia 
338 |a volume  |b nc  |2 rdacarrier 
490 1 |a The Elma Dill Russell Spencer Foundation series ;  |v no. 11 
500 |a Includes index. 
650 0 |a Shells  |z Texas  |x Identification. 
650 0 |a Shells  |z Gulf Coast (U.S.)  |x Identification. 
830 0 |a Elma Dill Russell Spencer Foundation series ;  |v no. 11. 
999 |a MARS 
999 f f |s 79d2911a-4e2f-3eaf-bbdf-57cf1cb9aea5  |i 0db55314-ca72-3ff7-b010-efd3f2fac320  |t 0 
952 f f |p normal  |a Texas A&M University  |b College Station  |c Sterling C. Evans Library  |d Evans: Library Stacks  |t 0  |e QL415.T4 A65  |h Library of Congress classification  |i unmediated -- volume  |m A14806220540 
998 f f |a QL415.T4 A65  |t 0  |l Evans: Library Stacks